000 00317nam a22001337a 4500
008 181207b xxu||||| |||| 00| 0 eng d
020 _a0201137887
041 _aeng
080 _a530
100 _a43
101 _aFIZ
245 _aAn Introduction to Numerical Methods with Pascal
_cAtkinson,L.V
942 _2udc
_cBK
999 _c53020
_d53020